Air Force Ranks Quiz - Statistics

General Stats
  • This quiz has been taken 3,446 times
  • The average score is 16 of 24
Answer Stats
Pay Grade Rank % Correct
E-2 Airman
91%
O10 General
81%
O3 Captain
80%
O4 Major
80%
E-3 Airman First Class
79%
O6 Colonel
76%
O2 1st Lieutenant
72%
O1 2nd Lieutenant
72%
E-5 Staff Sergeant
72%
E-4 Senior Airman
71%
E-7 Master Sergeant
70%
O5 Lt Colonel
69%
O8 Major General
68%
O9 Lieutenant General
67%
E-6 Technical Sergeant
67%
O7 Brigadier General
65%
E-9 Chief Master Sergeant
62%
E-8 Senior Master Sergeant
58%
E-7 First Sergeant
55%
E-8 First Sergeant
55%
E-9 First Sergeant
55%
E-9 Chief Master Sergeant of the Air Force
47%
O10 *Wartime Only* General of the Air Force
47%
E-9 Command Chief Master Sergeant
40%
No matching quizzes found
Score Distribution
Percent of People with Each Score
Percentile by Number Answered
Your Score History
You have not taken this quiz